000
00232nam a22000857a 4500
008
160915b xxu||||| |||| 00| 0 eng d
100
_9
533
_a
MAlhotra.S.etal
245
_a
Mental Mathematics-6
260
_a
New Delhi
_b
Frank Publications
_c
2011
999
_c
3190
_d
3190